El Solsonès / Ignasi Aldomà ... [et al.]
ISBN:
84-88545-09-6
Descripción Física:
152 p. : il. col. ; 28 cm
Colección:
Biblioteca comarcal de Catalunya ; 5
Materias:
Solsonès -- Descripció
MARC
| LEADER | 00000nam a2200000Ia 4500 | ||
|---|---|---|---|
| 001 | 17151 | ||
| 008 | 160829s9999 xx 000 0 cat d | ||
| 020 | |a 84-88545-09-6 | ||
| 080 | |a H-2-315 | ||
| 100 | |a Aldomà i Buixadé, Ignasi |9 25758 | ||
| 245 | |a El Solsonès / Ignasi Aldomà ... [et al.] | ||
| 260 | |a Manresa : |b Edicions Intercomarcals, cop. 1994 | ||
| 300 | |a 152 p. : |b il. col. ; |c 28 cm | ||
| 490 | |a Biblioteca comarcal de Catalunya ; 5 | ||
| 590 | |a Amb el suport de la Diputació de Barcelona, etc. | ||
| 650 | |a Solsonès |x Descripció |9 28095 | ||
| 710 | 1 | |a Barcelona (Catalunya : Província). |b Diputació |9 52408 | |
| 901 | |a Arxiu | ||
| 942 | |n 1 | ||
| 952 | |0 0 |1 0 |4 0 |6 H2315 |7 1 |9 44667 |a Arxiu |b Arxiu |d 2016-12-01 |l 0 |o H-2-315 |p 17151 |r 2016-12-01 00:00:00 |w 2016-12-01 |y ARXIU | ||
| 999 | |c 47248 |d 47248 | ||